000 00488nam a2200169 i 4500
001 147723
003 ES-MaACL
005 20260612132716.0
007 t|
008 071005s1960 sp ||||1| fre d
100 1 _aUscatescu, Jorge,
_d1919-1995
_9112293
245 1 3 _aLa diplomatie europeenne et l'unité roumaine /
_cJorge Uscatescu.
260 _aMadrid :
_b[Artes Gráficas,
_c1960]
300 _a10 p. ;
_c25 cm.
852 _aES-MaACL
_j2028-F-33
_bR.45902
999 _c147723
_d147723